000 00471cam a2200193ua 4500
020 _c36.00
041 _aeng
_h
082 _a547
_bCHO/AN
100 _aChopra, S L .
245 _aAnalytical agricultural chemistry /
_cS L Chopra.
_hTextual Documents
250 _a1 /
_b.
260 _aNew Delhi :
_bKalyani Publishers ,
_c1982.
300 _a518 ; .
365 _a36.00
504 _a
700 1 _aKanwar, J S .
942 _cBK
999 _c3205
_d3205